| 000 | 00814nam a22002057a 4500 | ||
|---|---|---|---|
| 003 | OSt | ||
| 005 | 20251126202352.0 | ||
| 008 | 240817b ||||| |||| 00| 0 eng d | ||
| 040 | _c0 | ||
| 082 | _aDPer 510.5 Am351 February - April 2019 v. 141 n. 1-2 | ||
| 100 |
_aWood, Melanie Matchett . _eauthor. _958132 |
||
| 245 |
_aRandom integral matrices and the Cohen-Lenstra heuristics / _cMelanie Matchett Wood. |
||
| 260 |
_aBaltimore, Maryland U.S. ; _bJohns Hopkins University Press , _c April 2019. |
||
| 300 |
_aVolume 141, pages 383-398 : _billustration ; _c28 cm. |
||
| 500 | _aAmerican Journal of Mathematics, vol. 141, no. 2, pages 383-398, April 2019. | ||
| 650 | 0 |
_aMathematics. _91041 |
|
| 650 | 0 |
_aMathematical analysis _915001 |
|
| 700 |
_aWood, Melanie Matchett _eauthor. _958132 |
||
| 942 |
_2ddc _cPER |
||
| 999 |
_c20592 _d20592 |
||